Risky Map Clicking: Smallest States A-Z Quiz Stats

 Plays Quiz Updated Oct 28, 2016

Score 0/19 Timer 06:00
21 Plays Today
% Correct
???
81.1%
???
77.5%
???
76.2%
???
59.9%
???
59.2%
???
54.4%
???
47.8%
???
43.6%
???
42.7%
???
37.9%
% Correct
???
37.4%
???
35.8%
???
34.3%
???
32.7%
???
31.1%
???
30.9%
???
30.9%
???
28.5%
???
27.8%

You're not logged in!

Compare scores with friends on all Sporcle quizzes.
OR
Log In

Show Comments

Extras

Top Quizzes Today


Score Distribution

Your Account Isn't Verified!

In order to create a playlist on Sporcle, you need to verify the email address you used during registration. Go to your Sporcle Settings to finish the process.

Report this User

Report this user for behavior that violates our Community Guidelines.

Details: